The Mechanism of Weaving (Record no. 3419)

MARC details
000 -LEADER
fixed length control field 00326nam a2200133Ia 4500
008 - FIXED-LENGTH DATA ELEMENTS--GENERAL INFORMATION
fixed length control field 191201s2007 xx 000 0 und d
082 ## - DEWEY DECIMAL CLASSIFICATION NUMBER
Classification number 677.024
Item number FOM
100 ## - MAIN ENTRY--PERSONAL NAME
Personal name FOX, Thomas, W
245 #4 - TITLE STATEMENT
Title The Mechanism of Weaving
260 ## - PUBLICATION, DISTRIBUTION, ETC. (IMPRINT)
Place of publication, distribution, etc N.Delhi
Name of publisher, distributor, etc University Press
Date of publication, distribution, etc 2007
300 ## - PHYSICAL DESCRIPTION
Extent 589
650 ## - SUBJECT ADDED ENTRY--TOPICAL TERM
Topical term or geographic name as entry element B.Tech(TE)
942 ## - ADDED ENTRY ELEMENTS (KOHA)
Source of classification or shelving scheme Dewey Decimal Classification
Koha item type Text Books
Holdings
Withdrawn status Lost status Source of classification or shelving scheme Damaged status Not for loan Collection code Home library Current library Date acquired Source of acquisition Cost, normal purchase price Bill Number Total Checkouts Full call number Acc. no. / Barcode Date last seen Bill Date Koha item type
    Dewey Decimal Classification     B.Tech(TE) PIET C-LIBRARY PIET C-LIBRARY 31/03/2008 Technical Book 200.00 TBS/4006   677.024 FOM 8781 04/12/2019 11/03/2008 Text Books
    Dewey Decimal Classification     B.Tech(TE) PIET C-LIBRARY PIET C-LIBRARY 31/03/2008 Technical Book 200.00 TBS/4006   677.024 FOM 8782 04/12/2019 11/03/2008 Text Books
    Dewey Decimal Classification     B.Tech(TE) PIET C-LIBRARY PIET C-LIBRARY 31/03/2008 Technical Book 200.00 TBS/4006   677.024 FOM 8783 04/12/2019 11/03/2008 Text Books
    Dewey Decimal Classification     B.Tech(TE) PIET C-LIBRARY PIET C-LIBRARY 31/03/2008 Technical Book 200.00 TBS/4006   677.024 FOM 8784 04/12/2019 11/03/2008 Text Books
    Dewey Decimal Classification     B.Tech(TE) PIET C-LIBRARY PIET C-LIBRARY 31/03/2008 Technical Book 200.00 TBS/4006   677.024 FOM 8785 04/12/2019 11/03/2008 Text Books

Design & Developed by: PIET Central Library
R70 Miles Stone Pattikalyana Samalkha Panipat 132102
mail ID :- [email protected], Phone No:- 0180-2569700 Ex.216